Culture générale #7 - Statistiques

Statistiques générales
  • Ce quiz a été pris 1 136 fois
  • Le résultat moyen est 8 sur 18
Statistiques - réponses
Question Réponse % Correct
Quel dessert italien est élaboré avec du mascarpone, du cacao et du café ? Tiramisu
93%
Dans le corps humain, quel est le principal organe du système nerveux ? Le cerveau
90%
Dans quel pays se situe la Transylvanie ? Roumanie
78%
En France, depuis 2009, quelle prestation sociale a remplacé le Revenu Minimum d'Insertion (RMI) ? Revenu de Solidarité Active (RSA)
75%
Quelle équipe a remporté la coupe du monde de rugby à XV en 2015 ? L'équipe de Nouvelle-Zélande
70%
Quel cap est l'extrémité sud de l'Amérique du Sud ? Le cap Horn
63%
Quel métal a une température de fusion plus basse que zéro degré Celsius ? Le mercure
55%
Dans quel roman de Lyman Frank Baum une petite fille du nom de Dorothée aide un épouvantail sans cerveau, un lion poltron et un bucheron sans cœur ? Le magicien d'Oz
52%
Quel compositeur a créé la suite d'orchestre L'Arlésienne en 1872 ainsi que l'opéra Carmen en 1875 ? Georges Bizet
47%
Quel roi de France a du faire face aux Malcontents, aux protestants et à la Ligue catholique et fut assassiné par un moine en 1589 ? Henri III
33%
Quel apache a combattu les Mexique et les États-Unis pour le droit des amérindiens, nommé à sa naissance Go Khla Yeh ? Geronimo
30%
Dans la mythologie nordique, comment s'appelle le père de Jörmungand, Fenrir et Hel, dieu de la discorde et meurtrier du dieu Baldr ? Loki
30%
Quelle film de Cecil B. DeMille sorti en 1956 raconte la libération des Hébreux esclaves en Égypte ? Les Dix Commandements
26%
Dans quel recueil paru en 1913 Guillaume Apollinaire chante le Rhin, le pont Mirabeau, et a supprimé de ses textes les ponctuations ? Alcools
24%
Conjugez le verbe être à la deuxième personne du singulier à l'imparfait du subjonctif. que tu fusses
19%
Quel mouvement artistique a couvert les murs de lieux publics de peintures de Diego Rivera, David Alfaro Siqueiros, José Clemente Orozco parlant de la révolution mexicaine ? Muralisme mexicain
4%
Quelle philosophe du douzième siècle a élaboré une connaissance rationnelle de Dieu grâce aux commentaires des œuvres d'Aristote ? Averroès
2%
Quel titre est porté par les descendants de Mahomet ? Sayyid
1%
Aucun quiz correspondant
Distribution des résultats
% des personnes avec chaque résultat
Percentile par nombre de réponses
Votre historique - résultats
Vous n’avez pas pris ce quiz